Регионална библиотека "Любен Каравелов" - Русе

Персоналният компютър - тайни [CD-ROM] (Запис номер 222118)

MARC детайли
000 -Лидер
Контролно поле с фиксирана дължина 01047njm a2200289 c 4500
003 - Код на организацията, давaща контролен номер
Контролно поле BLK
005 - Дата и час на последна редакция
Контролно поле 20180421002507.0
008 - Елементи от данни с фиксирана дължина
fixed length control field 180410b bul||n||s|||||||| n|bulo|
010 ## - Наследен системен номер
LC control number CDD00004121000
040 ## - Източник на каталожния запис
Идентификатор на билиотеката - собственик на записа BLK
041 ## - Код за език
Код за езика на текст/звукозапис или на отделно заглавие Български
Код за езика КДБФ Български
080 ## - УДК
Текстов определител УДК Автоматични цифрови електронноизчислителни машини. Миникомпютри. Микрокомпютри
УДК код - определител по УДК 681.322
УДК определител (035)
УДК - код + определител 681.322(035)
100 1# - Редна дума - Автор
Автор О'Донъл, Боб
Авторска отговорност първи автор
R(LIN) 309659
139 ## - Редно поле
Редна дума О'Донъл, Боб
Авторски знак Одо - О 42
245 10 - Сведения за заглавието
Заглавие Персоналният компютър - тайни [CD-ROM]
Редно поле (дума) Боб О'Донъл.
257 ## - Страна на издаване
Страна на създаване/издаване България
260 ## - Област на издателските данни
-- София
Име на издателя, разпространителя и проч. Алекс Софт
Година на издаване 2000
300 ## - Физическа характеристика
Страници 34КВ
Размери/Мащаб 12 см
380 ## - Жанр
Жанр Техника
500 ## - Общи забележки
Забележка Изисквания : Abobe Actobat Reader Software
590 ## - Забележки на библиотеката, притежаваща документа (RLIN)
Служебно S.N: 108806 от КНИГИ
852 ## - Местоположение
Форматна сигнатура Цб CD 590
Част 0
856 4# - Електронен адрес и достъп
Електронен формат pdf - файл
Път до файла /url/
856 4# - Електронен адрес и достъп
Електронен формат pdf - файл
Път до файла /url/
942 ## - АРТИКУЛИ
Вид на библиотечния материал Компактдискове
Скрит в OPAC Не
944 ## - СЪЗДАВАНЕ И РЕДАКЦИЯ на ЗАПИСА
Създаване/Редакция Създаване
Дата на регистрацията/редакция 10.11.2003
Служител, извършил регистрацията/редакцията Геновева_Генчева
944 ## - СЪЗДАВАНЕ И РЕДАКЦИЯ на ЗАПИСА
Създаване/Редакция Редакция
Дата на регистрацията/редакция 24.02.2004
Служител, извършил регистрацията/редакцията
999 ## - СИСТЕМНИ КОНТРОЛНИ НОМЕРА
Koha biblionumber 222118
Koha biblioitemnumber 222118
Наличности
Код за отписване Код за изгубен артикул Код за повреда Коз за рестрикции Код за отдаване Артикулен № Име на библиотеката - собственик Име на библиотеката, в която се намира в момента Статус (Текущо местоположение) Дата на вписване в системата Местоположение - отдел Цена в лева Инвентарен номер Систематично азбучна сигнатура Баркод Номер на екземпляра Цена в евро Служебна бележка Служебен тип на артикула
  Не е изгубен Не е повреден без рестрикции ползва се в читалня 394038 Регионална библиотека "Любен Каравелов" Русе Регионална библиотека "Любен Каравелов" Русе Основен фонд - ползва се само за читалня 2003-11-10 Основен фонд - ползва се само за читалня 5.00 250000000727 Цб CD 590 250000000727 1 2.56 Дост: Pk Вид: Ф N: 8848 Дата: 05.11.2003 Компактдискове
Изтеглен Не е изгубен Не е повреден без рестрикции заемане за дома 394039 Регионална библиотека "Любен Каравелов" Русе Регионална библиотека "Любен Каравелов" Русе Заемна - подръчен фонд 2003-11-10 Заемна - подръчен фонд 5.00 250000000728 П 681.322/О 42 250000000728 2 2.56 Дост: Pk Вид: Ф N: 8848 Дата: 05.11.2003 Компактдискове
Vip Innovations Ltd, Rousse, Bulgaria 2025